[Event "Vilnius Mikenas Memorial op"]
[Site "Vilnius"]
[Date "2015.09.12"]
[Round "1"]
[White "Sulskis, Sarunas"]
[Black "Novikov, Vitalij"]
[Result "1-0"]
[WhiteElo "2547"]
[BlackElo "2318"]
[PlyCount "73"]
[EventDate "2015.09.12"]
[EventType "swiss"]
[EventRounds "9"]
[EventCountry "LTU"]
[SourceTitle "EXT 2016"]
[Source "ChessBase"]
[SourceDate "2015.10.08"]
[SourceVersion "1"]
[SourceVersionDate "2015.10.08"]
[SourceQuality "1"]

1. d4 e6 2. c4 Nf6 3. Nc3 Bb4 4. f3 d5 5. a3 Bxc3+ 6. bxc3 c5 7. cxd5 Nxd5 8. dxc5 Qa5 9. e4 Nf6 10. Be3 0-0 11. Qb3 Nfd7 12. a4 Na6 13. Bxa6 Qxa6 14. Qb5 Nb8 15. Ne2 Bd7 16. Qxa6 Nxa6 17. Kf2 Rfc8 18. Rhb1 Nxc5 19. Bxc5 Rxc5 20. Rxb7 Bc8 21. Rb5 Rc6 22. Rd1 Ba6 23. Ra5 g6 24. Nd4 Rb6 25. Nb5 Rc8 26. Rd7 Rc5 27. h4 h5 28. Kg3 Kg7 29. Rc7 Rxc7 30. Nxc7 Bc4 31. Rxa7 Rb2 32. Ne8+ Kg8 33. Nd6 Bf1 34. Nxf7 Rxg2+ 35. Kf4 Be2 36. Ng5 Bc4 37. Ke5 1-0

[Event "Panevezys op-A 28th"]
[Site "Panevezys"]
[Date "2015.08.20"]
[Round "5"]
[White "Novikov, Vitalij"]
[Black "Brazdzionis, Andrius"]
[Result "1-0"]
[WhiteElo "2320"]
[BlackElo "2138"]
[PlyCount "87"]
[EventDate "2015.08.17"]
[EventType "swiss"]
[EventRounds "9"]
[EventCountry "LTU"]
[SourceTitle "EXT 2016"]
[Source "ChessBase"]
[SourceDate "2015.10.08"]
[SourceVersion "1"]
[SourceVersionDate "2015.10.08"]
[SourceQuality "1"]

1. e4 e6 2. d4 d5 3. Nd2 c5 4. exd5 Qxd5 5. Ngf3 cxd4 6. Bc4 Qd6 7. 0-0 Nf6 8. Nb3 Nc6 9. Nbxd4 Nxd4 10. Nxd4 a6 11. Re1 Qc7 12. Qe2 Bd6 13. h3 0-0 14. Bd3 h6 15. Qf3 Bh2+ 16. Kh1 Be5 17. Qe3 Bd6 18. Qf3 Be5 19. Qe3 Bd6 20. Qf3 Be5 21. c3 Bd7 22. Be3 Rfd8 23. Rad1 Rac8 24. Bb1 Ba4 25. Rd2 Nd5 26. Qe4 Nxe3 27. Rxe3 Bxd4 28. Rxd4 Rxd4 29. Qh7+ Kf8 30. cxd4 Qc1+ 31. Kh2 Ke7 32. Bg6 Bc2 33. Bxc2 Qxc2 34. Qxg7 Qc7+ 35. g3 Qc2 36. Rf3 Qg6 37. Qe5 Qg5 38. Qe4 Rc7 39. h4 Qh5 40. Qf4 Rd7 41. Qf6+ Kd6 42. Kg2 Qd5 43. Qxh6 Qxa2 44. Qf8+ 1-0

[Event "Panevezys op-A 28th"]
[Site "Panevezys"]
[Date "2015.08.19"]
[Round "4"]
[White "Klabis, Rokas"]
[Black "Novikov, Vitalij"]
[Result "1-0"]
[WhiteElo "2201"]
[BlackElo "2320"]
[PlyCount "149"]
[EventDate "2015.08.17"]
[EventType "swiss"]
[EventRounds "9"]
[EventCountry "LTU"]
[SourceTitle "EXT 2016"]
[Source "ChessBase"]
[SourceDate "2015.10.08"]
[SourceVersion "1"]
[SourceVersionDate "2015.10.08"]
[SourceQuality "1"]

1. e4 e6 2. d4 d5 3. Nd2 c5 4. exd5 Qxd5 5. Ngf3 cxd4 6. Bc4 Qd6 7. 0-0 Nf6 8. Nb3 Nc6 9. Nbxd4 Nxd4 10. Nxd4 a6 11. Re1 Qc7 12. Qe2 Bd6 13. g3 0-0 14. Bg5 Ne4 15. Qxe4 Qxc4 16. Rad1 Qc7 17. Re3 h6 18. Rc3 Qb8 19. Nf3 Re8 20. Rcd3 b5 21. Rxd6 Bb7 22. Qf4 Bxf3 23. Bxh6 gxh6 24. Qxf3 Qc8 25. Rd7 Rf8 26. Qg4+ Kh8 27. Qd4+ Kg8 28. Qg4+ Kh8 29. Qd4+ Kg8 30. Qd2 Kh7 31. Qf4 Kg8 32. Rc7 e5 33. Qxe5 Qg4 34. Rd4 Qg6 35. Rd6 f6 36. Qd5+ Kh8 37. Rdd7 Rac8 38. Kg2 Rxc7 39. Rxc7 Re8 40. Qf3 Qe4 41. Qxe4 Rxe4 42. b3 a5 43. Kf3 Re5 44. c4 bxc4 45. Rxc4 Kg7 46. Re4 Rc5 47. Ke3 Kg6 48. Kd3 h5 49. b4 axb4 50. Rxb4 Rf5 51. Rf4 Rc5 52. a4 Rc1 53. Rc4 Rf1 54. Ke2 Ra1 55. Ke3 Ra3+ 56. Ke2 Ra2+ 57. Kf3 Ra3+ 58. Kg2 Ra2 59. Rf4 Ra3 60. Kf1 Ra2 61. Ke1 Kg5 62. h4+ Kg6 63. Kd1 f5 64. Kc1 Kf6 65. Kb1 Rd2 66. a5 Rd6 67. Ra4 Ra6 68. Kc2 Ke5 69. Kb3 f4 70. Kb4 fxg3 71. fxg3 Kd6 72. Kb5 Ra8 73. a6 Rb8+ 74. Kc4 Rc8+ 75. Kd3 1-0

[Event "Panevezys op-A 28th"]
[Site "Panevezys"]
[Date "2015.08.18"]
[Round "3"]
[White "Novikov, Vitalij"]
[Black "Paleologu, Vladimir"]
[Result "0-1"]
[WhiteElo "2320"]
[BlackElo "2080"]
[PlyCount "68"]
[EventDate "2015.08.17"]
[EventType "swiss"]
[EventRounds "9"]
[EventCountry "LTU"]
[SourceTitle "EXT 2016"]
[Source "ChessBase"]
[SourceDate "2015.10.08"]
[SourceVersion "1"]
[SourceVersionDate "2015.10.08"]
[SourceQuality "1"]

1. e4 d6 2. d4 Nf6 3. Nc3 Nbd7 4. Nf3 e5 5. Bc4 Be7 6. 0-0 c6 7. a4 Qc7 8. a5 h6 9. Qe2 Nf8 10. h3 g5 11. Be3 Ng6 12. Nd2 g4 13. hxg4 Bxg4 14. f3 Bd7 15. dxe5 dxe5 16. Qf2 Rg8 17. Ne2 Nh5 18. Kh2 Bh4 19. Qg1 Ngf4 20. g4 Qd8 21. Bf2 Nxe2 22. Bxe2 Nf4 23. Bd1 Be6 24. Kh1 h5 25. Qh2 Bg5 26. Nb3 hxg4 27. fxg4 Qf6 28. Qg3 Rh8+ 29. Kg1 Rh3 30. Nc5 Rxg3+ 31. Bxg3 0-0-0 32. Bf3 Bc4 33. Rfd1 Rxd1+ 34. Rxd1 Be2 0-1

[Event "WchT Seniors 50"]
[Site "Vilnius"]
[Date "2014.07.21"]
[Round "9.3"]
[White "Novikov, Vitalij"]
[Black "Rositsan, Boris"]
[Result "1-0"]
[WhiteElo "2302"]
[BlackElo "2101"]
[PlyCount "107"]
[EventDate "2014.07.13"]
[EventType "team-swiss"]
[EventRounds "9"]
[EventCountry "LTU"]
[SourceTitle "CBM 161 Extra"]
[Source "ChessBase"]
[SourceDate "2014.08.29"]
[SourceVersion "1"]
[SourceVersionDate "2014.08.29"]
[SourceQuality "1"]
[WhiteTeam "Lithuania Logika"]
[BlackTeam "Lithuania Maccabi"]
[WhiteTeamCountry "LTU"]
[BlackTeamCountry "LTU"]

1. e4 c5 2. Nf3 a6 3. c3 e6 4. d4 cxd4 5. cxd4 Bb4+ 6. Bd2 Bxd2+ 7. Qxd2 Nf6 8. Bd3 d5 9. e5 Ne4 10. Bxe4 dxe4 11. Ng5 Nc6 12. Nxe4 Qxd4 13. Qxd4 Nxd4 14. Na3 Bd7 15. Nd6+ Ke7 16. Rd1 Nc6 17. Nac4 b5 18. Nb6 Ra7 19. Nxf7 Rf8 20. Nd6 Nxe5 21. Ke2 Rb8 22. Nxd7 Rxd7 23. Ne4 Rbd8 24. Rxd7+ Rxd7 25. Rc1 Rd4 26. f3 Rc4 27. Rxc4 Nxc4 28. b3 Nb6 29. Kd3 Nd5 30. Kd4 Nb4 31. a4 bxa4 32. bxa4 Nd5 33. Kc5 Kd7 34. Kd4 Kc6 35. Ng5 Nb6 36. Nxe6 Nxa4 37. Nxg7 Kb5 38. f4 Nb6 39. f5 a5 40. Kc3 a4 41. Kb2 Kb4 42. Ne6 a3+ 43. Ka2 Nd5 44. g4 Ka4 45. Nd4 h6 46. h4 Nc3+ 47. Ka1 Ne4 48. Nf3 Kb4 49. g5 hxg5 50. hxg5 Kc5 51. f6 Kd6 52. f7 Ke7 53. g6 Nc5 54. Ng5 1-0

[Event "WchT Seniors 50"]
[Site "Vilnius"]
[Date "2014.07.18"]
[Round "6.4"]
[White "Novikov, Vitalij"]
[Black "Gaprindashvili, Nona"]
[Result "1-0"]
[WhiteElo "2302"]
[BlackElo "2300"]
[PlyCount "75"]
[EventDate "2014.07.13"]
[EventType "team-swiss"]
[EventRounds "9"]
[EventCountry "LTU"]
[SourceTitle "CBM 161 Extra"]
[Source "ChessBase"]
[SourceDate "2014.08.29"]
[SourceVersion "1"]
[SourceVersionDate "2014.08.29"]
[SourceQuality "1"]
[WhiteTeam "Lithuania Logika"]
[BlackTeam "Georgia (W)"]
[WhiteTeamCountry "LTU"]
[BlackTeamCountry "GEO"]

1. e4 b6 2. d4 Bb7 3. Bd3 e6 4. Qe2 g6 5. Nf3 Bg7 6. h4 h6 7. Bf4 d6 8. Nc3 Nd7 9. e5 d5 10. Nd1 Ne7 11. Ne3 a6 12. c3 c5 13. 0-0 Nf5 14. h5 Nxe3 15. Bxe3 g5 16. Nh2 Qe7 17. f4 c4 18. Bc2 gxf4 19. Rxf4 0-0-0 20. Bf2 f5 21. Bh4 Qe8 22. g4 Rg8 23. Kf2 Kb8 24. gxf5 Bxe5 25. dxe5 d4 26. Be4 d3 27. Qe3 Bxe4 28. Rxe4 Nc5 29. Bxd8 Nxe4+ 30. Qxe4 Qxd8 31. Nf3 exf5 32. Qxc4 Rg4 33. Qe6 Ka7 34. Rd1 Rf4 35. Ke3 Re4+ 36. Kd2 Re2+ 37. Kc1 Rf2 38. Qd6 1-0

[Event "LTU-chT 1011"]
[Site "Lithuania"]
[Date "2010.11.20"]
[Round "7"]
[White "Novikov, Vitalij"]
[Black "Gimbutas, Mindaugas"]
[Result "1/2-1/2"]
[WhiteElo "2330"]
[BlackElo "2124"]
[PlyCount "60"]
[EventDate "2010.11.06"]
[EventType "team-tourn"]
[EventRounds "9"]
[EventCountry "LTU"]
[SourceTitle "EXT 2012"]
[Source "ChessBase"]
[SourceDate "2011.11.24"]
[SourceVersion "1"]
[SourceVersionDate "2011.11.24"]
[SourceQuality "1"]

1. e4 c5 2. Nf3 Nc6 3. Bb5 g6 4. Bxc6 bxc6 5. 0-0 Bg7 6. Re1 e5 7. c3 Ne7 8. d4 cxd4 9. cxd4 exd4 10. Nxd4 0-0 11. Nc3 Qb6 12. Nb3 d5 13. exd5 Nxd5 14. Nxd5 cxd5 15. Be3 d4 16. Bxd4 Bxd4 17. Qxd4 Be6 18. Nc5 Rfd8 19. Qc3 Rac8 20. b4 a5 21. a3 Rd6 22. Rad1 axb4 23. axb4 Bd5 24. Rd3 Ba8 25. Rxd6 Qxd6 26. h3 Qd5 27. f3 Rd8 28. Qf6 Bc6 29. Kh2 Rd6 30. Ne4 Qxe4 1/2-1/2

[Event "EU-Cup 25th"]
[Site "Ohrid"]
[Date "2009.10.07"]
[Round "4.5"]
[White "Laurusas, Tomas"]
[Black "Novikov, Vitalij"]
[Result "1/2-1/2"]
[WhiteElo "2180"]
[BlackElo "2328"]
[PlyCount "55"]
[EventDate "2009.10.04"]
[EventType "team-swiss"]
[EventRounds "7"]
[EventCountry "MKD"]
[SourceTitle "CBM 133"]
[Source "ChessBase"]
[SourceDate "2009.11.19"]
[SourceVersion "1"]
[SourceVersionDate "2009.11.19"]
[SourceQuality "1"]
[WhiteTeam "Kaunas Margiris"]
[BlackTeam "Vilnius"]
[WhiteTeamCountry "LTU"]
[BlackTeamCountry "LTU"]

1. c4 e6 2. Nc3 Bb4 3. Qb3 Nc6 4. Nf3 Nf6 5. a3 Bxc3 6. Qxc3 0-0 7. b4 d6 8. Bb2 e5 9. d3 Bg4 10. e3 Bxf3 11. gxf3 Re8 12. Rg1 d5 13. cxd5 Nd4 14. 0-0-0 Nxd5 15. Qc4 b5 16. Qa2 Nxf3 17. Bg2 Nxg1 18. Bxd5 Nh3 19. Bxf7+ Kh8 20. Bxe8 Qxe8 21. f4 exf4 22. exf4 Nxf4 23. Kb1 Qg8 24. Qxg8+ Kxg8 25. Be5 Ne6 26. Rc1 Rd8 27. Rc6 Kf7 28. d4 1/2-1/2

[Event "EU-Cup 25th"]
[Site "Ohrid"]
[Date "2009.10.05"]
[Round "2.5"]
[White "Novikov, Vitalij"]
[Black "Zubarev, Alexander2222"]
[Result "1/2-1/2"]
[WhiteElo "2328"]
[BlackElo "2544"]
[PlyCount "120"]
[EventDate "2009.10.04"]
[EventType "team-swiss"]
[EventRounds "7"]
[EventCountry "MKD"]
[SourceTitle "CBM 133"]
[Source "ChessBase"]
[SourceDate "2009.11.19"]
[SourceVersion "1"]
[SourceVersionDate "2009.11.19"]
[SourceQuality "1"]
[WhiteTeam "Vilnius"]
[BlackTeam "DAN DZO & PGMB"]
[WhiteTeamCountry "LTU"]
[BlackTeamCountry "UKR"]

1. e4 c5 2. Nf3 d6 3. Bb5+ Nd7 4. d4 Ngf6 5. Nc3 cxd4 6. Qxd4 e5 7. Qd3 h6 8. Be3 Be7 9. 0-0 0-0 10. a4 Qc7 11. Bc4 Nc5 12. Bxc5 Qxc5 13. Nd5 Nxd5 14. Bxd5 Be6 15. Bxe6 fxe6 16. Qb3 Kf7 17. c4 Rac8 18. Rac1 Rc7 19. Rc3 Kg8 20. Qb5 Rfc8 21. Qxc5 Rxc5 22. Rfc1 Kf7 23. Kf1 a5 24. Ke2 Bd8 25. Ne1 R5c6 26. Nd3 Bb6 27. Rb3 R8c7 28. c5 Bxc5 29. Rxc5 Rxc5 30. Nxc5 Rxc5 31. Rxb7+ Kf6 32. Rb6 Rc4 33. f3 Rxa4 34. Rxd6 Rb4 35. Rd2 h5 36. Kd3 g5 37. h3 Rb3+ 38. Kc4 a4 39. Rf2 Kg6 40. Kc5 Rd3 41. Kb4 Rd4+ 42. Kc3 g4 43. hxg4 hxg4 44. Rd2 gxf3 45. gxf3 Rxd2 46. Kxd2 Kg5 47. Ke3 Kh4 48. f4 Kg4 49. fxe5 Kg3 50. Kd3 Kf3 51. Kc4 Kxe4 52. Kb4 Kxe5 53. Kxa4 Kd4 54. b4 e5 55. b5 Kc5 56. Ka5 e4 57. b6 e3 58. b7 e2 59. b8Q e1Q+ 60. Ka6 Qe6+ 1/2-1/2

[Event "Panevezys Cesnauskas Memorial"]
[Site "Panevezys"]
[Date "2009.04.23"]
[Round "5"]
[White "Novikov, Vitalij"]
[Black "Labeckas, Kestutis"]
[Result "1/2-1/2"]
[WhiteElo "2314"]
[BlackElo "2337"]
[PlyCount "29"]
[EventDate "2009.04.20"]
[EventType "tourn"]
[EventRounds "9"]
[EventCountry "LAT"]
[EventCategory "7"]
[SourceTitle "CBM 129 Extra"]
[Source "ChessBase"]
[SourceDate "2009.05.05"]
[SourceVersion "2"]
[SourceVersionDate "2009.05.20"]
[SourceQuality "1"]

1. e4 c6 2. d4 d5 3. e5 c5 4. dxc5 e6 5. Nf3 Bxc5 6. Bd3 Nc6 7. 0-0 Nge7 8. Bf4 Qb6 9. Nc3 a6 10. a3 Qc7 11. Re1 b5 12. Bg3 Rb8 13. Ne2 b4 14. Nf4 h5 15. h4 1/2-1/2

[Event "LTU-chT 4th 0809"]
[Site "Lithuania"]
[Date "2008.11.08"]
[Round "1.44"]
[White "Zickus, Simonas"]
[Black "Novikov, Vitalij"]
[Result "1/2-1/2"]
[WhiteElo "2315"]
[BlackElo "2325"]
[PlyCount "46"]
[EventDate "2008.11.08"]
[EventType "team"]
[EventRounds "9"]
[EventCountry "LTU"]
[SourceTitle "EXT 2024"]
[Source "ChessBase"]
[SourceDate "2023.10.10"]
[SourceVersion "1"]
[SourceVersionDate "2023.10.10"]
[SourceQuality "1"]

1. Nf3 Nf6 2. g3 b6 3. Bg2 Bb7 4. 0-0 e6 5. c4 Be7 6. d4 0-0 7. b3 d5 8. cxd5 Nxd5 9. Bb2 Nd7 10. Nbd2 c5 11. a3 N5f6 12. Rc1 Rc8 13. dxc5 Rxc5 14. Rxc5 Nxc5 15. b4 Nce4 16. Nxe4 Bxe4 17. Ne5 Bxg2 18. Kxg2 Qa8+ 19. f3 Rd8 20. Qc1 Rc8 21. Qd2 Rd8 22. Qc1 Rc8 23. Qd2 Rd8 1/2-1/2

[Event "EU-Cup 24th"]
[Site "Kallithea"]
[Date "2008.10.18"]
[Round "2"]
[White "Novikov, Vitalij"]
[Black "Vallejo Pons, Francisco"]
[Result "0-1"]
[WhiteElo "2325"]
[BlackElo "2664"]
[PlyCount "72"]
[EventDate "2008.10.17"]
[EventType "team-swiss"]
[EventRounds "7"]
[EventCountry "GRE"]
[SourceTitle "CBM 127"]
[Source "ChessBase"]
[SourceDate "2008.11.13"]
[SourceVersion "1"]
[SourceVersionDate "2008.11.13"]
[SourceQuality "1"]
[WhiteTeam "Vilnius"]
[BlackTeam "Baden-Baden"]
[WhiteTeamCountry "LTU"]
[BlackTeamCountry "GER"]

1. e4 c5 2. Nf3 Nc6 3. Bb5 g6 4. Bxc6 bxc6 5. Nc3 Bg7 6. b3 e5 7. Bb2 d6 8. Qe2 a5 9. d3 Nf6 10. Nd2 0-0 11. Na4 Re8 12. 0-0-0 Rb8 13. c4 Nd7 14. Bc3 Nf8 15. Kb1 Ne6 16. g3 Nd4 17. Bxd4 cxd4 18. c5 d5 19. Rc1 Ba6 20. Ka1 dxe4 21. Nxe4 f5 22. Nd6 e4 23. Nb2 Re7 24. Nbc4 Qd7 25. Rhe1 Bf6 26. Qd1 a4 27. bxa4 Qa7 28. f3 exd3 29. Rxe7 Qxe7 30. Qxd3 Qe3 31. Rd1 Rb4 32. a3 Rxc4 33. Nxc4 Qxd3 34. Rxd3 Bxc4 35. Rd1 d3+ 36. Kb1 Bc3 0-1

[Event "LTU-chT 0708"]
[Site "Lithuania"]
[Date "2007.11.11"]
[Round "3"]
[White "Beinoras, Mindaugas"]
[Black "Novikov, Vitalij"]
[Result "1-0"]
[WhiteElo "2280"]
[BlackElo "2327"]
[PlyCount "67"]
[EventDate "2007.09.30"]
[EventType "team"]
[EventRounds "9"]
[EventCountry "LTU"]
[SourceTitle "EXT 2009"]
[Source "ChessBase"]
[SourceDate "2008.11.26"]
[SourceVersion "1"]
[SourceVersionDate "2008.11.26"]
[SourceQuality "1"]

1. d4 e6 2. c4 Nf6 3. Nf3 b6 4. g3 Ba6 5. Qa4 c5 6. Bg2 Bb7 7. dxc5 Bxc5 8. 0-0 0-0 9. Nc3 Be7 10. Rd1 a6 11. Qb3 Nc6 12. Be3 Na5 13. Bxb6 Nxb3 14. Bxd8 Rfxd8 15. axb3 Bxf3 16. Bxf3 Rab8 17. Rxa6 Rxb3 18. Na4 Rb4 19. c5 g5 20. e3 Rc8 21. Rd4 Rbb8 22. b4 e5 23. Rc4 d5 24. Rc1 Rxb4 25. c6 Rc7 26. Nb6 e4 27. Be2 Kg7 28. Na8 Rc8 29. Ra7 Bd6 30. Ba6 Bb8 31. Bxc8 Bxa7 32. c7 Ne8 33. Bf5 Nd6 34. Rc6 1-0

[Event "LTU-ch sf"]
[Site "Vilnius"]
[Date "2007.02.20"]
[Round "7"]
[White "Lasinskas, Povilas"]
[Black "Novikov, Vitalij"]
[Result "0-1"]
[WhiteElo "2194"]
[BlackElo "2324"]
[PlyCount "94"]
[EventDate "2007.02.16"]
[EventType "swiss"]
[EventRounds "9"]
[EventCountry "LTU"]
[SourceTitle "EXT 2010"]
[Source "ChessBase"]
[SourceDate "2010.11.25"]
[SourceVersion "1"]
[SourceVersionDate "2010.11.25"]
[SourceQuality "1"]

1. d4 e6 2. c4 Nf6 3. Nc3 Bb4 4. Nf3 c5 5. e3 Bxc3+ 6. bxc3 d6 7. Bd3 Nc6 8. 0-0 e5 9. Qc2 0-0 10. d5 Ne7 11. Nh4 Ng6 12. Nf5 Re8 13. Ng3 Qe7 14. f3 Nf8 15. Bd2 h5 16. Rae1 h4 17. Nf5 Bxf5 18. Bxf5 g6 19. Bh3 N8h7 20. f4 e4 21. Re2 Nh5 22. Bg4 f5 23. Bxh5 gxh5 24. Rb1 h3 25. g3 Qg7 26. Kh1 Nf6 27. Qd1 Re7 28. Rf2 Kh7 29. Be1 Kh6 30. Rfb2 Rf8 31. Qe2 Rff7 32. Qf1 Qg4 33. Rf2 h4 34. gxh4 Rg7 35. Bd2 Rg6 36. Qe2 Reg7 37. Qxg4 Rxg4 38. Rbf1 Rg2 39. Be1 Nd7 40. Rd2 Rxd2 41. Bxd2 Rg2 42. Be1 Rxa2 43. h5 Nf6 44. Bh4 Ng4 45. Re1 Rxh2+ 46. Kg1 Rg2+ 47. Kh1 Kxh5 0-1

[Event "LTU-ch sf"]
[Site "Vilnius"]
[Date "2007.02.17"]
[Round "3"]
[White "Zebelis, Rimantas"]
[Black "Novikov, Vitalij"]
[Result "0-1"]
[WhiteElo "2010"]
[BlackElo "2324"]
[PlyCount "110"]
[EventDate "2007.02.16"]
[EventType "swiss"]
[EventRounds "9"]
[EventCountry "LTU"]
[SourceTitle "EXT 2010"]
[Source "ChessBase"]
[SourceDate "2010.11.25"]
[SourceVersion "1"]
[SourceVersionDate "2010.11.25"]
[SourceQuality "1"]

1. d4 e6 2. c4 Nf6 3. Nc3 Bb4 4. e3 Bxc3+ 5. bxc3 c5 6. Bd3 d6 7. f4 e5 8. Qc2 Qe7 9. fxe5 dxe5 10. dxe5 Ng4 11. Nf3 Nc6 12. 0-0 Ncxe5 13. Be4 Nxf3+ 14. Bxf3 0-0 15. h3 Nf6 16. Rb1 Rb8 17. e4 Nd7 18. Be3 Ne5 19. Rb5 Nd7 20. Qf2 b6 21. Bf4 Ne5 22. Be2 Bb7 23. Qe3 Rbd8 24. Rb2 Ba6 25. Qg3 f6 26. Bxe5 Qxe5 27. Qxe5 fxe5 28. Rf5 Rfe8 29. Kf2 g6 30. Rf3 Rd6 31. Ke3 Bb7 32. Bf1 Rd1 33. Be2 Rc1 34. Kd2 Rg1 35. Rf2 Bxe4 36. g4 Rg3 37. Bf1 Rd8+ 38. Ke1 Rxc3 39. Rbd2 Rd4 40. Rxd4 exd4 41. Rf4 Bd3 42. Bg2 Bxc4 43. h4 Bxa2 44. h5 gxh5 45. gxh5 Kg7 46. Be4 Bb1 47. Bd5 Re3+ 48. Kd2 Re7 49. Kc1 Re5 50. Rf7+ Kh6 51. Bc4 Be4 52. Rxa7 Rxh5 53. Ra6 Rh1+ 54. Kd2 Rh2+ 55. Ke1 Rb2 0-1

[Event "LTU-ch sf"]
[Site "Vilnius"]
[Date "2007.02.16"]
[Round "1"]
[White "Ziogas, Modestas"]
[Black "Novikov, Vitalij"]
[Result "0-1"]
[WhiteElo "2094"]
[BlackElo "2324"]
[PlyCount "82"]
[EventDate "2007.02.16"]
[EventType "swiss"]
[EventRounds "9"]
[EventCountry "LTU"]
[SourceTitle "EXT 2010"]
[Source "ChessBase"]
[SourceDate "2010.11.25"]
[SourceVersion "1"]
[SourceVersionDate "2010.11.25"]
[SourceQuality "1"]

1. d4 e6 2. Nc3 d5 3. Nf3 Nf6 4. Bg5 Be7 5. e3 Nbd7 6. Bd3 c5 7. dxc5 Nxc5 8. 0-0 0-0 9. Ne2 b6 10. Ne5 Qc7 11. f4 Nce4 12. Bh4 Bd6 13. Bxe4 Nxe4 14. Nd3 Ba6 15. Nd4 Rac8 16. Qg4 Kh8 17. Rf3 Qd7 18. Rh3 f5 19. Qh5 Qe8 20. Qf3 Bxd3 21. cxd3 Nf6 22. Be1 Bc5 23. Bc3 Bxd4 24. Bxd4 Qb5 25. Rd1 Rc7 26. Qg3 Qa4 27. Ra1 Qc2 28. Be5 Rcf7 29. Bd6 Rc8 30. Qg6 Kg8 31. Qg5 Qxb2 32. Rf1 Rc1 33. Rhf3 h6 34. Qh4 Ng4 35. h3 Rxf1+ 36. Rxf1 Nxe3 37. Rf2 Qc1+ 38. Kh2 Rf6 39. Qh5 Nf1+ 40. Rxf1 Qxf1 41. Qe8+ Kh7 0-1